| 000 | 00580nam a2200205 i 4500 | ||
|---|---|---|---|
| 001 | 124549 | ||
| 003 | ES-MaACL | ||
| 007 | t| | ||
| 008 | 070329s1932 sp ||||1| spa d | ||
| 080 | _a348.9:297 | ||
| 100 | 1 |
_aLópez Ortiz, José, _d1898-1992 _973849 |
|
| 245 | 1 | 0 |
_aDerecho musulmán / _cJosé López Ortiz. |
| 260 |
_aBarcelona : _bLabor, _c[1932] |
||
| 300 |
_a239 p. ; _c17 cm. |
||
| 490 | 1 |
_aColección Labor ; _v322 |
|
| 650 | 1 | 7 |
_aDerecho musulmán _2embne _911742 |
| 830 | 0 | 0 |
_aColección Labor _v322 _9184254 |
| 852 |
_aES-MaACL _jE-2811 |
||
| 999 |
_c124549 _d124549 |
||